Μελέτη της δυναμικής του θαλασσίου οικοσυστήματος του κόλπου της Γέρας : πτυχιακή εργασία

Αποθηκεύτηκε σε:
Λεπτομέρειες βιβλιογραφικής εγγραφής
Κύριος συγγραφέας: Ελευθεριάδου, Μαρία
Συγγραφή απο Οργανισμό/Αρχή: Πανεπιστήμιο Αιγαίου. Σχολή Περιβάλλοντος. Τμήμα Περιβάλλοντος
Άλλοι συγγραφείς: Παπάντου, Δήμητρα
Μορφή: Thesis Βιβλίο
Γλώσσα:Greek
Δημοσίευση: 1998.
Θέματα:
Διαθέσιμο Online:http://hdl.handle.net/11610/10502
Ετικέτες: Προσθήκη ετικέτας
Δεν υπάρχουν, Καταχωρήστε ετικέτα πρώτοι!

MARC

LEADER 00000cam a2200000 i 4500
001 1/7155
008 000620s1998 gr | | | |||| ||gre||
035 |l 10062183 
040 |a GR-MyUa  |b gre  |e AACR2 
041 0 |a gre 
082 7 |a 577.63158   |2 (22) 
100 1 |a Ελευθεριάδου, Μαρία. 
245 1 0 |a Μελέτη της δυναμικής του θαλασσίου οικοσυστήματος του κόλπου της Γέρας :   |b πτυχιακή εργασία /   |c Ελευθεριάδου Μαρία, Παπάντου Δήμητρα ; επιβλέπων καθηγητής: Μιχάλης Καρύδης. 
260 |c 1998. 
300 |a 95 σ. :   |b πιν., σχ., χάρτες ;   |c 30 εκ. 
502 |a Πτυχιακή εργασία – Πανεπιστήμιο Αιγαίου, Λέσβος, 1998. 
504 |a Περιέχει βιβλιογραφία. 
650 0 |a Marine eutrophication  |x Research. 
650 0 |a Marine eutrophication  |z Greece  |z Yera. 
650 0 |a Chemical oceanography  |z Greece  |z Yera. 
650 0 |a Dissertations, Academic  |z Greece. 
700 1 |a Παπάντου, Δήμητρα. 
700 1 |a Καρύδης, Μιχάλης,  |e dgs 
710 2 |a Πανεπιστήμιο Αιγαίου.   |b Σχολή Περιβάλλοντος.   |b Τμήμα Περιβάλλοντος. 
852 |a INST  |b LESVOS  |c DIATR  |e 20000620  |h 453  |p 005100025851  |q 005100025851  |t DIE  |y 23 
852 |a INST  |b LESVOS  |c DIATR  |e 20000620  |h 454  |p 005100025850  |q 005100025850  |t DIE  |y 23 
856 |u http://hdl.handle.net/11610/10502 
901 |a BIBL1-2000-2 
924 |a Ελευθεριάδου  |b Μαρία  |y Λέσβος  |z 1998-03 
924 |a Παπάντου  |b Δήμητρα  |y Λέσβος  |z 1998-03 
970 |a ΑΙΒΑΤΖΙΔΟΥ  |b ΕΛΕΝΗ  |z 2000/06/21